| 000 | 00532nam a22001937a 4500 | ||
|---|---|---|---|
| 999 |
_c6315 _d6315 |
||
| 003 | OSt | ||
| 005 | 20190916111518.0 | ||
| 008 | 190916b ||||| |||| 00| 0 eng d | ||
| 020 | _a0521629586 | ||
| 040 | _cDDC. | ||
| 082 | _a551.51 AND 2000. | ||
| 100 |
_aAndrews,G.david; _912937 |
||
| 245 | _aAn introduction to atmospheric physics. | ||
| 260 |
_aUk, _bCambrige university Press. _c2000. |
||
| 300 |
_ax,229p; _bill, _c25cm. |
||
| 504 | _abibliography and index are included. | ||
| 650 |
_aPhysics. _9809 |
||
| 942 |
_2ddc _cO_SHELF |
||